000 00468nam a2200157 a 4500
001 000026725
005 20200930030357.0
008 110324s1941 dr 000 0 spa d
040 _aDO-SdBNP
_bspa
_cBNPHU
082 _axx
_bH186r
100 1 _aHallet, Marcelle
_953833
245 1 3 _aLa reencarnación de Julián Hernández /
_cMarcelle Hallet.
260 _aCiudad Trujillo, República Dominicana :
_bEl Diario,
_c1941.
300 _a173 p. ;
_c18 cm.
049 _aBNPD
999 _c26217
_d26217